000 00480nam a22001817a 4500
008 230918b |||||||| |||| 00| 0 eng d
020 _a978-93-86927-55-5
050 _aRC 119. A76 2018
_bC.1
100 _aARORA,D.R
245 _aMEDICAL PARASITOLOGY
250 _a5ED.
260 _aNEW DELHI
_bCBS PUBLISHERS &DISTRIBUTORS pvt LTD
_c2018
300 _aXV111,277P.
500 _aINCLUDES INDEX
650 _aPARASITOLOGY
700 _aARORA,BRIJ BALA
942 _2lcc
_cBK
999 _c207128
_d207128